000 00387cam a22001217a 4500
008 180718b1976 xxu||||| |||| 00| 0 eng d
082 _aJ72x5125 H775 C.2
245 _aHong Kong New Towns : Sha Tin
_cBy PWD Hong Kong
260 _aHong kong
_bPWD Hong Kong
_c1976
300 _a26p
650 _aSha Tin (China) - Social conditions
650 _aNew towns - China - Hong Kong - Case studies
999 _c409989
_d409989